[Event "DVM U20w 2023"]
[Site "Magdeburg GER"]
[Date "2023.12.27"]
[Round "1"]
[White "Foltin, Alica"]
[Black "Müdder, Melanie"]
[Result "0-1"]
[Termination "normal"]
[Board "1.1"]
[WhiteElo "1744"]
[BlackElo "1888"]
[WhiteClock "00:02:38"]
[BlackClock "00:01:23"]
[WhiteTeam "SV Erkenschwick 1923"]
[BlackTeam "SG Solingen"]
[PlyCount "56"]
[WhiteFideId "34606920"]
[BlackFideId "12994103"]
[EventCountry "GER"]
[EventRounds "7"]
[EventType "team-swiss"]
[EventDate "2023.12.26"]

1. e4 {[%clk 01:30:55]} {[%emt 00:00:04]} c5 {[%clk 01:30:50]} {[%emt
00:00:10]} 2. Nc3 {[%clk 01:31:20]} {[%emt 00:00:05]} Nc6 {[%clk 01:31:09]}
{[%emt 00:00:12]} 3. g3 {[%clk 01:31:45]} {[%emt 00:00:05]} g6 {[%clk
01:30:57]} {[%emt 00:00:42]} 4. Bg2 {[%clk 01:32:10]} {[%emt 00:00:05]} Bg7
{[%clk 01:31:07]} {[%emt 00:00:20]} 5. Nge2 {[%clk 01:32:26]} {[%emt 00:00:13]}
e6 {[%clk 01:29:21]} {[%emt 00:02:16]} 6. O-O {[%clk 01:31:20]} {[%emt
00:01:36]} Nge7 {[%clk 01:28:11]} {[%emt 00:01:41]} 7. Re1 {[%clk 01:29:35]}
{[%emt 00:02:14]} O-O {[%clk 01:26:10]} {[%emt 00:02:31]} 8. d3 {[%clk
01:29:43]} {[%emt 00:00:22]} a6 {[%clk 01:16:48]} {[%emt 00:09:53]} 9. Be3
{[%clk 01:27:50]} {[%emt 00:02:23]} Nd4 {[%clk 01:15:34]} {[%emt 00:01:44]} 10.
Rb1 {[%clk 01:09:15]} {[%emt 00:19:04]} Rb8 {[%clk 00:59:18]} {[%emt 00:16:46]}
11. a3 {[%clk 00:55:17]} {[%emt 00:14:28]} b6 {[%clk 00:51:08]} {[%emt
00:08:41]} 12. b4 {[%clk 00:54:29]} {[%emt 00:01:18]} Bb7 {[%clk 00:48:18]}
{[%emt 00:03:20]} 13. Qd2 {[%clk 00:50:59]} {[%emt 00:03:59]} d5 {[%clk
00:41:47]} {[%emt 00:07:01]} 14. bxc5 {[%clk 00:49:44]} {[%emt 00:01:46]} bxc5
{[%clk 00:39:52]} {[%emt 00:02:25]} 15. Na4 {[%clk 00:43:48]} {[%emt 00:06:26]}
Qc7 {[%clk 00:30:18]} {[%emt 00:10:04]} 16. f4 {[%clk 00:32:21]} {[%emt
00:11:56]} dxe4 {[%clk 00:22:47]} {[%emt 00:08:01]} 17. dxe4 {[%clk 00:31:29]}
{[%emt 00:01:22]} Rfd8 {[%clk 00:21:18]} {[%emt 00:02:00]} 18. Nxd4 {[%clk
00:26:33]} {[%emt 00:05:25]} cxd4 {[%clk 00:16:13]} {[%emt 00:05:36]} 19. Bf2
{[%clk 00:26:46]} {[%emt 00:00:16]} Qc6 {[%clk 00:13:51]} {[%emt 00:02:52]} 20.
Qb4 {[%clk 00:24:47]} {[%emt 00:02:28]} Nf5 {[%clk 00:06:17]} {[%emt 00:08:06]}
21. Qa5 {[%clk 00:14:47]} {[%emt 00:10:30]} Ne3 {[%clk 00:05:03]} {[%emt
00:01:43]} 22. Bxe3 {[%clk 00:13:14]} {[%emt 00:02:03]} dxe3 {[%clk 00:05:29]}
{[%emt 00:00:06]} 23. Nc5 {[%clk 00:12:54]} {[%emt 00:00:49]} Ba8 {[%clk
00:02:38]} {[%emt 00:03:21]} 24. Nxa6 {[%clk 00:09:19]} {[%emt 00:04:05]} Rbc8
{[%clk 00:01:33]} {[%emt 00:01:34]} 25. Red1 {[%clk 00:06:39]} {[%emt
00:03:10]} Rxd1+ {[%clk 00:01:32]} {[%emt 00:00:32]} 26. Rxd1 {[%clk 00:07:01]}
{[%emt 00:00:07]} e2 {[%clk 00:01:23]} {[%emt 00:00:39]} 27. Rb1 {[%clk
00:02:19]} {[%emt 00:05:13]} Bd4+ {[%clk 00:01:30]} {[%emt 00:00:23]} 28. Kh1
{[%clk 00:02:38]} {[%emt 00:00:10]} Qxe4 {[%clk 00:01:23]} {[%emt 00:00:37]}
0-1

[Event "DVM U20w 2023"]
[Site "Magdeburg GER"]
[Date "2023.12.27"]
[Round "1"]
[White "Bohatyrova, Mariia"]
[Black "Rudolph, Eva"]
[Result "0-1"]
[Termination "normal"]
[Board "1.3"]
[WhiteElo "1341"]
[BlackElo "1755"]
[WhiteClock "00:00:47"]
[BlackClock "00:17:03"]
[WhiteTeam "SV Erkenschwick 1923"]
[BlackTeam "SG Solingen"]
[PlyCount "102"]
[WhiteFideId "34165789"]
[BlackFideId "16200594"]
[EventCountry "GER"]
[EventRounds "7"]
[EventType "team-swiss"]
[EventDate "2023.12.26"]

1. e4 {[%clk 01:30:56]} {[%emt 00:00:04]} c5 {[%clk 01:30:55]} {[%emt
00:00:06]} 2. b4 {[%clk 01:31:07]} {[%emt 00:00:18]} cxb4 {[%clk 01:31:18]}
{[%emt 00:00:07]} 3. a3 {[%clk 01:31:30]} {[%emt 00:00:07]} d5 {[%clk
01:31:20]} {[%emt 00:00:28]} 4. exd5 {[%clk 01:18:36]} {[%emt 00:13:24]} Qxd5
{[%clk 01:31:40]} {[%emt 00:00:11]} 5. d4 {[%clk 01:13:15]} {[%emt 00:05:50]}
Qe4+ {[%clk 01:15:29]} {[%emt 00:16:40]} 6. Be3 {[%clk 01:11:41]} {[%emt
00:02:04]} Nf6 {[%clk 00:59:12]} {[%emt 00:16:49]} 7. Nf3 {[%clk 00:53:47]}
{[%emt 00:18:22]} Nd5 {[%clk 00:51:11]} {[%emt 00:08:32]} 8. Qd2 {[%clk
00:53:10]} {[%emt 00:01:06]} e6 {[%clk 00:47:14]} {[%emt 00:04:28]} 9. Bd3
{[%clk 00:42:33]} {[%emt 00:11:06]} Qg4 {[%clk 00:47:07]} {[%emt 00:00:38]} 10.
O-O {[%clk 00:42:50]} {[%emt 00:00:13]} Nc6 {[%clk 00:44:59]} {[%emt 00:02:38]}
11. c4 {[%clk 00:34:13]} {[%emt 00:09:06]} bxc3 {[%clk 00:39:21]} {[%emt
00:06:10]} 12. Nxc3 {[%clk 00:34:33]} {[%emt 00:00:08]} Nxc3 {[%clk 00:35:05]}
{[%emt 00:04:47]} 13. Qxc3 {[%clk 00:34:54]} {[%emt 00:00:09]} Be7 {[%clk
00:34:11]} {[%emt 00:01:23]} 14. h3 {[%clk 00:22:50]} {[%emt 00:12:34]} Qh5
{[%clk 00:34:26]} {[%emt 00:00:15]} 15. d5 {[%clk 00:17:26]} {[%emt 00:05:55]}
Bf6 {[%clk 00:26:41]} {[%emt 00:08:15]} 16. Qe1 {[%clk 00:05:48]} {[%emt
00:12:05]} Qxd5 {[%clk 00:17:11]} {[%emt 00:10:02]} 17. Rd1 {[%clk 00:03:09]}
{[%emt 00:03:08]} Qh5 {[%clk 00:14:54]} {[%emt 00:02:48]} 18. Be4 {[%clk
00:01:35]} {[%emt 00:02:02]} O-O {[%clk 00:13:52]} {[%emt 00:01:35]} 19. Qe2
{[%clk 00:01:31]} {[%emt 00:00:31]} Qa5 {[%clk 00:06:56]} {[%emt 00:07:29]} 20.
Qc2 {[%clk 00:01:45]} {[%emt 00:00:14]} h6 {[%clk 00:06:26]} {[%emt 00:01:02]}
21. Bxc6 {[%clk 00:00:51]} {[%emt 00:01:24]} bxc6 {[%clk 00:06:52]} {[%emt
00:00:05]} 22. Qxc6 {[%clk 00:01:08]} {[%emt 00:00:13]} Ba6 {[%clk 00:05:58]}
{[%emt 00:01:23]} 23. Rfe1 {[%clk 00:01:10]} {[%emt 00:00:28]} Rac8 {[%clk
00:04:03]} {[%emt 00:02:25]} 24. Qe4 {[%clk 00:01:13]} {[%emt 00:00:24]} Rc4
{[%clk 00:02:09]} {[%emt 00:02:27]} 25. Qb1 {[%clk 00:01:03]} {[%emt 00:00:38]}
Qxa3 {[%clk 00:01:45]} {[%emt 00:00:56]} 26. Rd3 {[%clk 00:00:56]} {[%emt
00:00:34]} Qa5 {[%clk 00:01:52]} {[%emt 00:00:25]} 27. Rb3 {[%clk 00:00:54]}
{[%emt 00:00:28]} Ra4 {[%clk 00:01:29]} {[%emt 00:00:58]} 28. Bd2 {[%clk
00:00:48]} {[%emt 00:00:35]} Qd5 {[%clk 00:01:35]} {[%emt 00:00:24]} 29. Qc2
{[%clk 00:00:39]} {[%emt 00:00:37]} Rc8 {[%clk 00:01:42]} {[%emt 00:00:25]} 30.
Qd1 {[%clk 00:00:45]} {[%emt 00:00:23]} Ra1 {[%clk 00:00:39]} {[%emt 00:01:35]}
31. Rb1 {[%clk 00:01:09]} {[%emt 00:00:06]} Ra2 {[%clk 00:00:41]} {[%emt
00:00:26]} 32. Be3 {[%clk 00:01:03]} {[%emt 00:00:35]} Bd3 {[%clk 00:00:40]}
{[%emt 00:00:35]} 33. Rc1 {[%clk 00:01:11]} {[%emt 00:00:19]} Rxc1 {[%clk
00:00:40]} {[%emt 00:00:33]} 34. Qxc1 {[%clk 00:01:36]} {[%emt 00:00:05]} Bb2
{[%clk 00:00:35]} {[%emt 00:00:33]} 35. Qc8+ {[%clk 00:01:48]} {[%emt
00:00:17]} Kh7 {[%clk 00:00:59]} {[%emt 00:00:08]} 36. Qc7 {[%clk 00:01:14]}
{[%emt 00:01:03]} Bg6 {[%clk 00:00:43]} {[%emt 00:00:47]} 37. Qc8 {[%clk
00:00:41]} {[%emt 00:01:03]} Ra4 {[%clk 00:00:38]} {[%emt 00:00:34]} 38. Qb8
{[%clk 00:00:35]} {[%emt 00:00:33]} Bf6 {[%clk 00:00:34]} {[%emt 00:00:38]} 39.
Qe8 {[%clk 00:00:33]} {[%emt 00:00:32]} Ra2 {[%clk 00:00:38]} {[%emt 00:00:26]}
40. Qb8 {[%clk 00:00:35]} {[%emt 00:00:28]} Qd8 {[%clk 00:00:37]} {[%emt
00:00:29]} 41. Qb7 {[%clk 00:30:24]} {[%emt 00:00:40]} Qa5 {[%clk 00:28:15]}
{[%emt 00:02:52]} 42. Rc1 {[%clk 00:17:42]} {[%emt 00:13:13]} Ra1 {[%clk
00:28:04]} {[%emt 00:00:41]} 43. Rxa1 {[%clk 00:16:32]} {[%emt 00:01:42]} Qxa1+
{[%clk 00:28:23]} {[%emt 00:00:11]} 44. Kh2 {[%clk 00:16:56]} {[%emt 00:00:04]}
a5 {[%clk 00:28:08]} {[%emt 00:00:47]} 45. Qa7 {[%clk 00:09:58]} {[%emt
00:07:27]} a4 {[%clk 00:23:46]} {[%emt 00:04:53]} 46. Bc5 {[%clk 00:07:17]}
{[%emt 00:03:10]} Bb2 {[%clk 00:21:41]} {[%emt 00:02:35]} 47. Nd4 {[%clk
00:01:59]} {[%emt 00:05:46]} Qd1 {[%clk 00:19:45]} {[%emt 00:02:24]} 48. Nf3
{[%clk 00:00:39]} {[%emt 00:01:54]} Bh5 {[%clk 00:17:55]} {[%emt 00:02:21]} 49.
Nd4 {[%clk 00:00:37]} {[%emt 00:00:32]} a3 {[%clk 00:16:46]} {[%emt 00:01:40]}
50. Nb5 {[%clk 00:00:35]} {[%emt 00:00:31]} Be5+ {[%clk 00:16:46]} {[%emt
00:00:29]} 51. g3 {[%clk 00:00:47]} {[%emt 00:00:18]} Bf3 {[%clk 00:17:03]}
{[%emt 00:00:14]} 0-1

[Event "DVM U20w 2023"]
[Site "Magdeburg GER"]
[Date "2023.12.27"]
[Round "1"]
[White "Fetahovic, Sarah"]
[Black "Bohatyrova, Natalia"]
[Result "1-0"]
[Termination "normal"]
[Board "1.4"]
[WhiteElo "1579"]
[BlackElo "1506"]
[WhiteClock "00:01:34"]
[BlackClock "00:00:50"]
[WhiteTeam "SG Solingen"]
[BlackTeam "SV Erkenschwick 1923"]
[PlyCount "79"]
[WhiteFideId "34601546"]
[BlackFideId "14192780"]
[EventCountry "GER"]
[EventRounds "7"]
[EventType "team-swiss"]
[EventDate "2023.12.26"]

1. e4 {[%clk 01:30:55]} {[%emt 00:00:05]} e5 {[%clk 01:30:51]} {[%emt
00:00:10]} 2. Nf3 {[%clk 01:31:18]} {[%emt 00:00:08]} Nc6 {[%clk 01:31:09]}
{[%emt 00:00:11]} 3. d4 {[%clk 01:31:38]} {[%emt 00:00:09]} exd4 {[%clk
01:26:40]} {[%emt 00:05:03]} 4. Bc4 {[%clk 01:31:55]} {[%emt 00:00:10]} Bc5
{[%clk 01:12:57]} {[%emt 00:14:16]} 5. Ng5 {[%clk 01:29:19]} {[%emt 00:03:10]}
Ne5 {[%clk 01:11:00]} {[%emt 00:02:31]} 6. Nxf7 {[%clk 01:26:34]} {[%emt
00:03:21]} Nxf7 {[%clk 00:59:37]} {[%emt 00:12:21]} 7. Bxf7+ {[%clk 01:26:44]}
{[%emt 00:00:21]} Kf8 {[%clk 00:53:08]} {[%emt 00:07:16]} 8. Bb3 {[%clk
01:19:15]} {[%emt 00:08:11]} Nf6 {[%clk 00:47:38]} {[%emt 00:06:10]} 9. e5
{[%clk 00:49:47]} {[%emt 00:30:47]} Qe7 {[%clk 00:42:37]} {[%emt 00:05:45]} 10.
Qe2 {[%clk 00:49:22]} {[%emt 00:00:58]} Ng8 {[%clk 00:30:43]} {[%emt 00:12:57]}
11. O-O {[%clk 00:32:59]} {[%emt 00:17:36]} c6 {[%clk 00:17:10]} {[%emt
00:15:10]} 12. Qf3+ {[%clk 00:29:34]} {[%emt 00:04:08]} Ke8 {[%clk 00:17:23]}
{[%emt 00:00:18]} 13. Bf4 {[%clk 00:21:44]} {[%emt 00:08:53]} d5 {[%clk
00:14:13]} {[%emt 00:03:47]} 14. exd6 {[%clk 00:21:25]} {[%emt 00:00:50]} Bxd6
{[%clk 00:14:28]} {[%emt 00:00:15]} 15. Bxd6 {[%clk 00:10:44]} {[%emt
00:11:56]} Qxd6 {[%clk 00:13:25]} {[%emt 00:01:38]} 16. Qf7+ {[%clk 00:11:03]}
{[%emt 00:00:12]} Kd8 {[%clk 00:13:41]} {[%emt 00:00:15]} 17. Qxg7 {[%clk
00:11:07]} {[%emt 00:00:27]} Qf6 {[%clk 00:12:44]} {[%emt 00:01:30]} 18. Qg3
{[%clk 00:07:21]} {[%emt 00:04:36]} Be6 {[%clk 00:11:54]} {[%emt 00:01:24]} 19.
Qd6+ {[%clk 00:03:36]} {[%emt 00:04:35]} Bd7 {[%clk 00:11:53]} {[%emt
00:00:33]} 20. Qb4 {[%clk 00:03:36]} {[%emt 00:00:33]} Kc7 {[%clk 00:11:07]}
{[%emt 00:01:21]} 21. Rd1 {[%clk 00:03:47]} {[%emt 00:00:21]} Re8 {[%clk
00:09:57]} {[%emt 00:01:48]} 22. Na3 {[%clk 00:01:49]} {[%emt 00:02:38]} Re2
{[%clk 00:04:50]} {[%emt 00:05:50]} 23. Qxd4 {[%clk 00:01:57]} {[%emt
00:00:22]} Qxd4 {[%clk 00:04:58]} {[%emt 00:00:23]} 24. Rxd4 {[%clk 00:02:21]}
{[%emt 00:00:06]} Nf6 {[%clk 00:05:17]} {[%emt 00:00:11]} 25. Rad1 {[%clk
00:02:16]} {[%emt 00:00:37]} Rhe8 {[%clk 00:05:24]} {[%emt 00:00:25]} 26. Kf1
{[%clk 00:01:55]} {[%emt 00:00:54]} c5 {[%clk 00:04:17]} {[%emt 00:01:40]} 27.
Rd6 {[%clk 00:01:26]} {[%emt 00:01:01]} R2e7 {[%clk 00:01:06]} {[%emt
00:03:48]} 28. Rxf6 {[%clk 00:01:44]} {[%emt 00:00:13]} b5 {[%clk 00:01:24]}
{[%emt 00:00:12]} 29. c4 {[%clk 00:01:15]} {[%emt 00:00:59]} bxc4 {[%clk
00:01:17]} {[%emt 00:00:38]} 30. Bxc4 {[%clk 00:01:25]} {[%emt 00:00:20]} a5
{[%clk 00:01:32]} {[%emt 00:00:15]} 31. Rfd6 {[%clk 00:00:51]} {[%emt
00:01:06]} Bc6 {[%clk 00:01:09]} {[%emt 00:00:55]} 32. Bb5 {[%clk 00:00:50]}
{[%emt 00:00:31]} Bxb5+ {[%clk 00:01:08]} {[%emt 00:00:31]} 33. Nxb5+ {[%clk
00:01:17]} {[%emt 00:00:04]} Kb7 {[%clk 00:01:30]} {[%emt 00:00:06]} 34. Nc3
{[%clk 00:01:12]} {[%emt 00:00:37]} Rf7 {[%clk 00:01:05]} {[%emt 00:00:56]} 35.
Rd7+ {[%clk 00:01:36]} {[%emt 00:00:07]} Rxd7 {[%clk 00:01:32]} {[%emt
00:00:03]} 36. Rxd7+ {[%clk 00:01:59]} {[%emt 00:00:07]} Kc6 {[%clk 00:02:00]}
{[%emt 00:00:02]} 37. Rxh7 {[%clk 00:02:18]} {[%emt 00:00:11]} Rb8 {[%clk
00:01:16]} {[%emt 00:01:17]} 38. Rh6+ {[%clk 00:02:34]} {[%emt 00:00:16]} Kd7
{[%clk 00:01:38]} {[%emt 00:00:06]} 39. b3 {[%clk 00:01:55]} {[%emt 00:01:12]}
Ra8 {[%clk 00:00:50]} {[%emt 00:01:21]} 40. Na4 {[%clk 00:01:34]} {[%emt
00:00:52]} *

[Event "DVM U20w 2023"]
[Site "Magdeburg GER"]
[Date "2023.12.27"]
[Round "1"]
[White "Wilmink, Anna"]
[Black "Falke, Ornella"]
[Result "0-1"]
[Termination "normal"]
[Board "2.1"]
[BlackTitle "WCM"]
[WhiteElo "1826"]
[BlackElo "1969"]
[WhiteClock "00:01:22"]
[BlackClock "00:06:03"]
[WhiteTeam "SK Nordhorn-Blanke"]
[BlackTeam "Elmshorner SC 1896"]
[PlyCount "134"]
[WhiteFideId "16273680"]
[BlackFideId "16207092"]
[EventCountry "GER"]
[EventRounds "7"]
[EventType "team-swiss"]
[EventDate "2023.12.26"]

1. e4 {[%clk 01:30:58]} {[%emt 00:00:03]} c5 {[%clk 01:30:43]} {[%emt
00:00:18]} 2. Nf3 {[%clk 01:31:19]} {[%emt 00:00:08]} d6 {[%clk 01:31:06]}
{[%emt 00:00:07]} 3. d4 {[%clk 01:31:39]} {[%emt 00:00:10]} cxd4 {[%clk
01:31:31]} {[%emt 00:00:05]} 4. Nxd4 {[%clk 01:32:01]} {[%emt 00:00:08]} Nf6
{[%clk 01:31:54]} {[%emt 00:00:07]} 5. Nc3 {[%clk 01:32:19]} {[%emt 00:00:11]}
a6 {[%clk 01:32:17]} {[%emt 00:00:08]} 6. h3 {[%clk 01:32:33]} {[%emt
00:00:15]} h5 {[%clk 01:29:49]} {[%emt 00:02:59]} 7. g3 {[%clk 01:32:18]}
{[%emt 00:00:44]} e5 {[%clk 01:19:32]} {[%emt 00:10:48]} 8. Nde2 {[%clk
01:32:34]} {[%emt 00:00:15]} Be6 {[%clk 01:18:54]} {[%emt 00:01:07]} 9. Bg2
{[%clk 01:32:26]} {[%emt 00:00:37]} Be7 {[%clk 01:17:11]} {[%emt 00:02:13]} 10.
Be3 {[%clk 01:30:02]} {[%emt 00:02:54]} Nbd7 {[%clk 01:10:01]} {[%emt
00:07:41]} 11. Nd5 {[%clk 01:18:12]} {[%emt 00:12:20]} Nxd5 {[%clk 01:09:31]}
{[%emt 00:00:59]} 12. exd5 {[%clk 01:18:30]} {[%emt 00:00:13]} Bf5 {[%clk
01:09:53]} {[%emt 00:00:07]} 13. Qd2 {[%clk 01:11:41]} {[%emt 00:07:20]} Rc8
{[%clk 01:08:17]} {[%emt 00:02:06]} 14. Rc1 {[%clk 01:10:34]} {[%emt 00:01:36]}
Nc5 {[%clk 00:58:01]} {[%emt 00:10:47]} 15. O-O {[%clk 01:02:13]} {[%emt
00:08:51]} Qd7 {[%clk 00:56:20]} {[%emt 00:02:10]} 16. Kh2 {[%clk 00:53:54]}
{[%emt 00:08:50]} b5 {[%clk 00:45:17]} {[%emt 00:11:33]} 17. f4 {[%clk
00:48:04]} {[%emt 00:06:20]} Bf6 {[%clk 00:29:36]} {[%emt 00:16:10]} 18. c3
{[%clk 00:39:31]} {[%emt 00:09:03]} Nd3 {[%clk 00:17:33]} {[%emt 00:12:34]} 19.
Rcd1 {[%clk 00:38:11]} {[%emt 00:01:50]} O-O {[%clk 00:15:51]} {[%emt
00:02:12]} 20. fxe5 {[%clk 00:27:18]} {[%emt 00:11:24]} Nxe5 {[%clk 00:16:09]}
{[%emt 00:00:11]} 21. Bd4 {[%clk 00:22:50]} {[%emt 00:04:58]} Rfe8 {[%clk
00:14:05]} {[%emt 00:02:34]} 22. Nf4 {[%clk 00:17:29]} {[%emt 00:05:51]} Nc4
{[%clk 00:10:10]} {[%emt 00:04:24]} 23. Qf2 {[%clk 00:17:40]} {[%emt 00:00:19]}
Bxd4 {[%clk 00:09:28]} {[%emt 00:01:13]} 24. Rxd4 {[%clk 00:17:19]} {[%emt
00:00:50]} Ne3 {[%clk 00:09:09]} {[%emt 00:00:50]} 25. Rg1 {[%clk 00:14:20]}
{[%emt 00:03:28]} g6 {[%clk 00:06:02]} {[%emt 00:03:37]} 26. Bf3 {[%clk
00:12:41]} {[%emt 00:02:10]} Re7 {[%clk 00:06:04]} {[%emt 00:00:28]} 27. Bxh5
{[%clk 00:01:12]} {[%emt 00:11:59]} Bxh3 {[%emt 00:02:51]} 28. Nxh3 {[%clk
00:00:57]} {[%emt 00:00:42]} gxh5 {[%clk 00:04:09]} {[%emt 00:00:07]} 29. Qf3
{[%clk 00:00:37]} {[%emt 00:00:50]} Ng4+ {[%clk 00:03:53]} {[%emt 00:00:45]}
30. Kh1 {[%clk 00:00:44]} {[%emt 00:00:23]} Rce8 {[%clk 00:03:29]} {[%emt
00:00:54]} 31. Nf4 {[%clk 00:00:42]} {[%emt 00:00:33]} Qf5 {[%clk 00:03:11]}
{[%emt 00:00:48]} 32. Rf1 {[%clk 00:00:41]} {[%emt 00:00:30]} Qc2 {[%clk
00:02:26]} {[%emt 00:01:16]} 33. Ng2 {[%clk 00:00:42]} {[%emt 00:00:28]} Qh7
{[%clk 00:01:55]} {[%emt 00:01:01]} 34. Rd2 {[%clk 00:00:45]} {[%emt 00:00:27]}
Qh6 {[%clk 00:01:42]} {[%emt 00:00:44]} 35. Rc2 {[%clk 00:00:44]} {[%emt
00:00:30]} Qg6 {[%clk 00:01:40]} {[%emt 00:00:32]} 36. Rd2 {[%clk 00:00:59]}
{[%emt 00:00:16]} Ne3 {[%clk 00:01:05]} {[%emt 00:01:05]} 37. Rdf2 {[%clk
00:00:43]} {[%emt 00:00:46]} Nxf1 {[%clk 00:01:27]} {[%emt 00:00:08]} 38. Rxf1
{[%clk 00:00:57]} {[%emt 00:00:16]} Re5 {[%clk 00:01:25]} {[%emt 00:00:31]} 39.
Nh4 {[%clk 00:00:55]} {[%emt 00:00:32]} Qh7 {[%clk 00:01:08]} {[%emt 00:00:47]}
40. Qf6 {[%clk 00:00:49]} {[%emt 00:00:37]} Qe4+ {[%clk 00:01:19]} {[%emt
00:00:19]} 41. Kh2 {[%clk 00:00:45]} {[%emt 00:00:34]} Qxd5 {[%clk 00:23:46]}
{[%emt 00:08:03]} 42. Kg1 {[%clk 00:24:06]} {[%emt 00:07:08]} Qe6 {[%clk
00:19:49]} {[%emt 00:04:27]} 43. Qf4 {[%clk 00:22:35]} {[%emt 00:02:01]} Qc4
{[%clk 00:18:14]} {[%emt 00:02:06]} 44. Qf6 {[%clk 00:20:50]} {[%emt 00:02:14]}
Qe6 {[%clk 00:10:12]} {[%emt 00:08:33]} 45. Qf4 {[%clk 00:20:44]} {[%emt
00:00:35]} Re1 {[%clk 00:09:53]} {[%emt 00:00:50]} 46. Qg5+ {[%clk 00:15:53]}
{[%emt 00:05:20]} Kf8 {[%clk 00:10:15]} {[%emt 00:00:09]} 47. Ng2 {[%clk
00:11:30]} {[%emt 00:04:52]} Rxf1+ {[%clk 00:10:31]} {[%emt 00:00:14]} 48. Kxf1
{[%clk 00:11:55]} {[%emt 00:00:05]} Qxa2 {[%clk 00:09:16]} {[%emt 00:01:46]}
49. Qh6+ {[%clk 00:11:12]} {[%emt 00:01:12]} Ke7 {[%clk 00:09:38]} {[%emt
00:00:07]} 50. Nf4 {[%clk 00:09:10]} {[%emt 00:02:34]} Qb1+ {[%clk 00:09:37]}
{[%emt 00:00:30]} 51. Kg2 {[%clk 00:09:22]} {[%emt 00:00:18]} Qe4+ {[%clk
00:09:41]} {[%emt 00:00:26]} 52. Kh2 {[%clk 00:09:10]} {[%emt 00:00:43]} Qe5
{[%clk 00:08:28]} {[%emt 00:01:43]} 53. Qh7 {[%clk 00:08:34]} {[%emt 00:01:06]}
Qc5 {[%clk 00:07:03]} {[%emt 00:01:52]} 54. Qg7 {[%clk 00:04:13]} {[%emt
00:04:53]} Qf2+ {[%clk 00:06:39]} {[%emt 00:00:55]} 55. Kh3 {[%clk 00:04:19]}
{[%emt 00:00:23]} Qf3 {[%clk 00:05:21]} {[%emt 00:01:49]} 56. Qg5+ {[%clk
00:03:48]} {[%emt 00:01:01]} Kd7 {[%clk 00:05:42]} {[%emt 00:00:08]} 57. Nxh5
{[%clk 00:01:51]} {[%emt 00:02:28]} Re5 {[%clk 00:03:27]} {[%emt 00:02:44]} 58.
Qg4+ {[%clk 00:00:52]} {[%emt 00:01:29]} Qxg4+ {[%clk 00:03:35]} {[%emt
00:00:22]} 59. Kxg4 {[%clk 00:01:17]} {[%emt 00:00:05]} Re2 {[%clk 00:03:53]}
{[%emt 00:00:12]} 60. b4 {[%clk 00:00:53]} {[%emt 00:00:55]} Re3 {[%clk
00:03:54]} {[%emt 00:00:29]} 61. Kf5 {[%clk 00:00:54]} {[%emt 00:00:29]} Rf3+
{[%clk 00:03:53]} {[%emt 00:00:30]} 62. Ke4 {[%clk 00:00:34]} {[%emt 00:00:51]}
Rxc3 {[%clk 00:04:12]} {[%emt 00:00:10]} 63. Nf6+ {[%clk 00:00:40]} {[%emt
00:00:24]} Ke6 {[%clk 00:04:31]} {[%emt 00:00:11]} 64. Nh5 {[%clk 00:00:38]}
{[%emt 00:00:32]} Rc4+ {[%clk 00:04:53]} {[%emt 00:00:08]} 65. Kd3 {[%clk
00:00:55]} {[%emt 00:00:13]} Rxb4 {[%emt 00:00:10]} 66. Kc3 {[%clk 00:01:06]}
{[%emt 00:00:16]} a5 {[%clk 00:05:39]} {[%emt 00:00:07]} 67. Nf4+ {[%clk
00:01:22]} {[%emt 00:00:14]} Rxf4 {[%clk 00:06:03]} {[%emt 00:00:06]} 0-1